Is It Better when It Is Longer? Maturity of Firm Loans and Economic Growth
Saved in:
| Main Author: | |
|---|---|
| Other Authors: | , , |
| Format: | Book Chapter |
| Language: | English |
| Subjects: | |
| Tags: |
No Tags, Be the first to tag this record!
|
MARC
| LEADER | 00000naa a2200000 4500 | ||
|---|---|---|---|
| 001 | 0252402 | ||
| 005 | 20240502074040.0 | ||
| 041 | 0 | |a eng | |
| 044 | |a SK | ||
| 245 | 1 | 0 | |a Is It Better when It Is Longer? Maturity of Firm Loans and Economic Growth |c Eduard Baumöhl, Zuzana Fungáčová, Tomáš Výrost, Laurent Weill |
| 500 | |a Abstrakt | ||
| 610 | 2 | 0 | |a rast hospodársky |
| 610 | 2 | 0 | |a pôžičky |
| 610 | 2 | 0 | |a podnik |
| 610 | 2 | 0 | |a Európa |
| 610 | 2 | 0 | |a úver dlhodobý |
| 100 | 1 | |a Baumöhl, Eduard, 1982- | |
| 700 | 1 | |a Fungáčová, Zuzana | |
| 700 | 1 | |a Výrost, Tomáš, 1978- | |
| 700 | 1 | |a Weill, Laurent | |